000 01036nas a2200289 4500
001 BR2011007496
003 BR-BrBNA
005 20231205115754.0
007 ta
008 230509b bl.|||p| |||| 00| 00por d
040 _aBR-BrBNA
_bpor
_cBiblioteca Nacional de Agricultura
041 _a(Pt)
072 _aQ02
100 1 _aKluge, R.A.
100 1 _aPicoli, A.A.
100 1 _aAguila, J.S.
245 1 _aRespiração e produção de etileno em beterrabas inteiras e minimamente processadas submetidas a tratamentos com etileno e biorreguladores
246 1 _aRespiratory rate and ethylene production of whole and minimally processed beet roots submited to ethylene and bioregulators treatments
650 _aBETERRABA
650 _aBETA VULGARIS
650 _aPROCESSAMENTO MÍNIMO
650 _aCONSERVAÇÃO
650 _aETILENO
773 0 _tHorticultura Brasileira (Brazil)
_xISSN 0102-0536
_g(Jan-Mar 2010), v. 28(1) p. 54-57
_wBR2011007496
909 _a202311
_bLúcia
_c55
_dLúcia Elande
942 _2AGRIS
_n0
_cANA
999 _c215621
_d215621